| 000 | 00394nam a2200169 i 4500 | ||
|---|---|---|---|
| 001 | bg | ||
| 245 | 0 | _aFiziceskaja elektronika. | |
| 250 | _aWyd. 11. | ||
| 260 |
_aL'vov : _b"Viscaja Skola", _c1975. |
||
| 300 |
_as. 127, nlb. 1 : _brys., ilustr. |
||
| 500 | _a[Alf. ros.]. | ||
| 040 | _cBPK | ||
| 041 | _apol | ||
| 080 | _a537 | ||
| 942 | _cKS | ||
| 008 | s pl f |000 0 pol | ||
| 999 |
_c16789 _d16789 |
||